|
|
|
|
| LEADER |
00000nas a2200000 i 4500 |
| 001 |
ssj0000399115 |
| 003 |
WaSeSS |
| 005 |
20200512172242.0 |
| 006 |
m d |
| 007 |
cr n |
| 008 |
100323c20109999fr gr s s i0 0eng c |
| 010 |
|
|
|a 2015233030
|
| 022 |
|
|
|a 2076-7773
|l 2076-7765
|y 2076-7765
|
| 024 |
7 |
|
|a 10.1787/20767773
|2 doi
|
| 035 |
|
|
|a (WaSeSS)ssj0000399115
|
| 040 |
|
|
|a Nz
|b eng
|e pn
|c Z5A
|d OCLCF
|d NAM
|d GUA
|d OCLCO
|d OCL
|d OCLCO
|d WNC
|d OCLCQ
|d CNTRU
|d VT2
|d OCLCQ
|d WaSeSS
|
| 042 |
|
|
|a pcc
|
| 050 |
|
4 |
|a G155.O27
|b T68
|
| 055 |
|
3 |
|a G155.A1
|b T68
|
| 245 |
0 |
0 |
|a OECD tourism trends and policies
|h [electronic resource].
|
| 246 |
1 |
3 |
|a Organisation for Economic Co-operation and Development tourism trends and policies
|
| 246 |
3 |
|
|a O.E.C.D. tourism trends and policies
|
| 260 |
|
|
|a [Paris] :
|b OECD
|
| 310 |
|
|
|a Biennial
|
| 362 |
1 |
|
|a Began with 2010.
|
| 506 |
|
|
|a License restrictions may limit access.
|
| 550 |
|
|
|a Issued by the OECD Tourism Committee.
|
| 588 |
|
|
|a Description based on: 2010; title from PDF title page (OECD iLibrary, viewed May 27, 2015).
|
| 588 |
|
|
|a Latest issue consulted: 2014 (viewed May 27, 2015).
|
| 650 |
|
0 |
|a Tourism
|z OECD countries
|v Periodicals.
|
| 650 |
|
0 |
|a Tourism
|v Periodicals.
|
| 650 |
|
7 |
|a Tourism.
|2 fast
|0 (OCoLC)fst01153142
|
| 651 |
|
7 |
|a OECD countries.
|2 fast
|0 (OCoLC)fst01277092
|
| 655 |
|
0 |
|a Electronic journals.
|
| 710 |
2 |
|
|a Organisation for Economic Co-operation and Development.
|b Committee on Tourism.
|
| 776 |
0 |
8 |
|i Print version:
|t OECD tourism trends and policies
|x 2076-7765
|w (DLC) 2010234126
|w (OCoLC)578716522
|
| 780 |
0 |
0 |
|t Tourism in OECD countries
|w (DLC) 2008233588
|w (OCoLC)221665906
|
| 856 |
4 |
0 |
|z Full text available from Research Library: 01/01/2010 to 12/31/2016
|u https://search.proquest.com/publication/2026386
|
| 856 |
4 |
0 |
|z Full text available from Research Library: 01/01/2018 to 12/31/2018
|u https://search.proquest.com/publication/2026386
|